000
00318nam a2200133Ia 4500
008
191206s9999 xx 000 0 und d
020
_a
841906432
090
_a
DA533.M29
245
0
_a
Victorian high society
260
_a
Holmes & Meier
260
_c
c1980
300
_a
216 p. ; 26 cm.
999
_c
17251
_d
17251